| 000 | 00386 a2200157 4500 | ||
|---|---|---|---|
| 003 | Nust | ||
| 005 | 20170207154213.0 | ||
| 040 | _cNust | ||
| 082 | _a621.3 | ||
| 100 | _aJ. Thomoson | ||
| 245 |
_aThe Services Textbook of Radio Electronics _cJ. Thomson |
||
| 260 |
_aLondon _bHer Majesty's Stationery _c1955 |
||
| 300 | _a259 p | ||
| 538 | _aAlmirah No.127 | ||
| 651 | _aRadio Electronics | ||
| 942 |
_2ddc _cBK |
||
| 999 |
_c194986 _d194986 |
||